Sports Quiz

Random Sports or Numbers Quiz

MLB Network Prime 9 - Greatest Home Runs Quiz Stats

Quiz not verified by Sporcle

Challenge
Share
Tweet
Embed
Score 0/9 Timer 02:00
0 Plays Today
Number and Pitcher Player % Correct
#4 - Dennis EckersleyKirk Gibson
88.8%
#3 - Mitch WilliamsJoe Carter
85.6%
#8 - Tim WakefieldAaron Boone
84.5%
#6 - Charlie RootBabe Ruth
79.7%
#2 - Ralph TerryBill Mazeroski
73.8%
#5 - Al DowningHank Aaron
71.1%
#1 - Ralph BrancaBobby Thomson
65.8%
#7 - Pat DarcyCarlton Fisk
41.2%
#9 - Mark LittellChris Chambliss
24.1%

You're not logged in!

Compare scores with friends on all Sporcle quizzes.
Join for Free
OR
Log In

You Might Also Like...

Show Comments

Extras

Top Quizzes Today


Score Distribution

Your Account Isn't Verified!

In order to create a playlist on Sporcle, you need to verify the email address you used during registration. Go to your Sporcle Settings to finish the process.

Report this User

Report this user for behavior that violates our Community Guidelines.

Details: